000 00586nam a22002177a 4500
003 UA-OsUOA
001 87699
007 ta
008 20120921b un ||||| |||| 00| 0 ukr d
090 _a7(031)
_bИ89
942 _cBK
040 _aUA-OsUOA
_brus
_cUA-OsUOA
_dUA-OsUOA
245 _aИстория русского искусства
_b2
_cРед. Грабарь И. Э.
300 _a423 с.
955 _a1
041 _arus
080 _a7(031)
260 _aМ.
_bИ-во АН СССР
_c1954
650 7 _a7 Мистецтво. Ігри. Спорт.
_2UDC
999 _c374000
_d374000